Developing technologies for early detection of breast cancer (Record no. 33468)
[ view plain ]
| 000 -LEADER | |
|---|---|
| fixed length control field | 01623nam a2200325Ia 4500 |
| 100 1# - MAIN ENTRY--AUTHOR NAME | |
| Personal name | Newman, Laura, |
| 245 10 - TITLE STATEMENT | |
| Title | Developing technologies for early detection of breast cancer |
| 260 ## - PUBLICATION, DISTRIBUTION, ETC. (IMPRINT) | |
| Place of publication | Washington, D.C. : |
| Name of publisher | National Academy Press, |
| Year of publication | c2000. |
| 300 ## - PHYSICAL DESCRIPTION | |
| Number of Pages | 53 p. |
| 500 ## - GENERAL NOTE | |
| General note | Summary of a workshop held June 19-20, 2000. |
| 650 #0 - SUBJECT ADDED ENTRY--TOPICAL TERM | |
| Topical Term | Breast |
| Topical Term | Breast |
| Topical Term | Magnetic resonance imaging |
| 856 40 - ELECTRONIC LOCATION AND ACCESS | |
| Uniform Resource Identifier | http://site.ebrary.com/lib/rucke/Doc?id=10071903 |
No items available.
